| 000 | 01204ngm a2200229 a 4500 | ||
|---|---|---|---|
| 005 | 20230519063642.0 | ||
| 008 | 011008s2000 mx r 000 0 spa d | ||
| 020 | _a9682992427 | ||
| 035 | _aUPN01000112774 | ||
| 049 | _aAV | ||
| 099 | _aPVI F 0962 | ||
| 245 | 0 | 0 |
_a1924-1932 : la aventura fatigada / _cRealización Ricardo Pérez Montfort. |
| 260 |
_aMéxico : _bILCE, _c[199-?]. |
||
| 300 |
_a1 videocasete (VHS) (60 min.) : _bson., col. |
||
| 440 | 0 |
_aSiglo 20. La vida en México ; _v5 |
|
| 501 | _aCon: 1932-1934 : nuevas esperanzas | ||
| 520 | _aHitler asciende al poder, en la India surge el movimiento independentista y en E.U. Roosevelt se enfrenta a los veteranos de la 1a. guerra mundial. En México, los temas relevantes son la Ley del Trabajo, la autonomia universitaria. En: 1932-1934, el programa inicia con un resumen de la vida social y política mexicana de los primeros 32 años del siglo XX. Después sobre el gobierno de Ortiz Rubio, Abelardo Rodríguez y del candidato Lázaro Cárdenas | ||
| 651 | 4 |
_aMEXICO - _xHISTORIA _yREGIMEN PORTESGILISTA, 1929-1930 |
|
| 651 | 4 |
_aMéxico _xHistoria _y1910-1946 _91296 |
|
| 740 | 0 | _a1932-1934 : nuevas esperanzas | |
| 905 | _aAudiovisuales | ||
| 999 |
_c86682 _d86682 |
||